[Event "Croatian Cup"]
[Site "Pula CRO"]
[Date "2002.05.08"]
[Round "2"]
[White "Jurkovic,H"]
[Black "Sermek,D"]
[Result "1/2-1/2"]
[WhiteElo "2400"]
[BlackElo "2601"]

1.e4 d5 2.exd5 Qxd5 3.Nc3 Qd6 4.d4 Nf6 5.Bd3 Bg4 6.f3 Bh5 7.Nge2 Nc6 8.Bf4 Qd7
9.Qd2 e6 10.O-O-O Bb4 11.a3 Ba5 12.g4 Bg6 13.Bxg6 hxg6 14.b4 Bb6 15.d5 Nxd5
16.Nxd5 Qxd5 17.Qxd5 exd5 18.Rxd5 Rd8 19.Rxd8+ Nxd8 20.c4 c5 21.Nc3 Ne6 22.Bg3 cxb4
23.axb4 Bc7 24.Bxc7 Nxc7 25.h4 Kd7 26.Kd2 Kc6 27.Ne4 Ne6 28.Kc3 a6 29.c5 a5
30.bxa5 Nxc5 31.Nxc5 Kxc5 32.Re1 Kd6 33.Kd3 Rxh4 34.a6 bxa6 35.Ra1 Ke5 36.Ke3 f5
37.Ra5+ Kf6 38.Rxa6+ Kg5 39.f4+ Kxg4 40.Rxg6+ Kh5  1/2-1/2

[Event "ch-URU"]
[Site "Montevideo URU"]
[Date "2002.05.09"]
[Round "4"]
[White "Crosa,M"]
[Black "Giaccio,A"]
[Result "1-0"]
[WhiteElo "2384"]
[BlackElo "2517"]

1.e4 d5 2.exd5 Qxd5 3.Nc3 Qd6 4.Nf3 Nf6 5.Bc4 a6 6.d4 e6 7.Qe2 b5 8.Bd3 Bb7
9.O-O Be7 10.a4 b4 11.Ne4 Qd5 12.Nxf6+ Bxf6 13.c4 bxc3 14.bxc3 O-O 15.Rb1 Bc6
16.c4 Qh5 17.Be4 Qg4 18.d5 exd5 19.cxd5 Re8 20.Rb4 Bxd5 21.Bxd5  1-0

[Event "Mitropa Cup"]
[Site "Leipzig GER"]
[Date "2002.05.11"]
[Round "9"]
[White "Stevic,H"]
[Black "Borgo,G"]
[Result "0-1"]
[WhiteElo "2523"]
[BlackElo "2418"]

1.e4 d5 2.exd5 Qxd5 3.Nc3 Qd6 4.d4 Nf6 5.Bc4 a6 6.Nf3 b5 7.Bb3 c5 8.dxc5 Qxd1+
9.Nxd1 e6 10.a4 b4 11.a5 Ne4 12.Ba4+ Bd7 13.Bxd7+ Nxd7 14.c6 Ndc5 15.b3 Rc8
16.Ne5 f6 17.Nc4 Rxc6 18.f3 Nd6 19.Nde3 Nxc4 20.Nxc4 Nb7 21.Ra4 Rc5 22.Bd2 Rb5
23.Ke2 Be7 24.Be3 h5 25.Rd1 h4 26.h3 Rhh5 27.Rd4 Rbd5 28.Rg4 Kf7 29.Bf2 Nxa5
30.Nxa5 Rxa5 31.Rxa5 Rxa5 32.Rxh4 Ra2 33.Rc4 a5 34.Rc7 Ke8 35.Kd3 a4 36.bxa4 b3
37.a5 Bb4 38.Rb7 bxc2 39.Be3 Bxa5 40.Ra7 Ra3+ 41.Kxc2 Rxe3 42.Rxa5 Re2+ 43.Kd3 Rxg2
44.Ra7 Kf8 45.h4 Kg8 46.Ke3 e5 47.Ra4 Kh7 48.Rb4 Rh2 49.Ra4 Kh6 50.Rb4 Kh5
51.Rb7 Rg2 52.Rb4 g6 53.Ra4 f5 54.Ra5 f4+ 55.Ke4 Re2+  0-1

[Event "Open A"]
[Site "Ostrava CZE"]
[Date "2002.05.19"]
[Round "2"]
[White "Hladik,L"]
[Black "Trombik,K"]
[Result "0-1"]
[WhiteElo "2084"]
[BlackElo "2263"]

1.e4 d5 2.exd5 Qxd5 3.Nc3 Qd6 4.d4 a6 5.Bd3 Nf6 6.Nge2 Bg4 7.f3 Bh5 8.Bf4 Qd7
9.d5 Bg6 10.Bxg6 hxg6 11.Qd2 Qd8 12.O-O-O Nbd7 13.Rhe1 Nb6 14.Qd3 Qd7 15.Nd4 Nbxd5
16.Nxd5 Nxd5 17.Ne6 fxe6 18.Qxg6+ Kd8 19.Qxe6 Qxe6 20.Rxe6 Kd7 21.Re5 e6
22.c4 Bd6 23.cxd5 Bxe5 24.Bxe5 exd5 25.Bxg7 Rxh2 26.Rxd5+ Ke6 27.Rc5 Rg8
28.Rxc7 Rh7 29.Rxb7 Rgxg7 30.Rb6+ Kd5 31.g4 Rh3 32.Rf6 Rc7+ 33.Kd2 Rh2+ 34.Ke3 Rxb2
35.Rxa6 Rc3+ 36.Kf4 Rf2 37.Ra5+ Kc6 38.g5 Rcxf3+ 39.Kg4 Kb6 40.Ra8 Kb7 41.Ra4 Rf8
42.g6 Rg2+  0-1

[Event "3rd EIWCh"]
[Site "Varna BUL"]
[Date "2002.05.30"]
[Round "4"]
[White "Arakhamia,K"]
[Black "Mashinskaya,I"]
[Result "1-0"]
[WhiteElo "2425"]
[BlackElo "2300"]

1.e4 d5 2.exd5 Qxd5 3.Nc3 Qd6 4.d4 Nf6 5.Nf3 a6 6.Ne5 Nc6 7.Bf4 Bf5 8.Bc4 Nxe5
9.dxe5 Qc6 10.Qe2 Qxg2 11.O-O-O Ne4 12.Nd5 O-O-O 13.Ne3 Rxd1+ 14.Rxd1 Qg6
15.Qd3 Kb8 16.Qd8+ Bc8 17.e6 Nd6 18.Nd5  1-0

[Event "3rd EIWCh"]
[Site "Varna BUL"]
[Date "2002.05.31"]
[Round "5"]
[White "Velcheva,M"]
[Black "Koskoska,G"]
[Result "0-1"]
[WhiteElo "2327"]
[BlackElo "2229"]

1.e4 d5 2.exd5 Qxd5 3.Nc3 Qd8 4.d4 c6 5.Bc4 Bf5 6.Nf3 e6 7.Ne5 Nd7 8.Qe2 Be7
9.Bb3 h5 10.Bd2 Ngf6 11.h3 Qc7 12.O-O-O Nxe5 13.dxe5 Nd7 14.g4 Bg6 15.f4 O-O-O
16.Be3 Bb4 17.Qc4 Qa5 18.Ne2 Bc5 19.Bd2 Qb5 20.Qxb5 cxb5 21.Rhf1 hxg4 22.hxg4 Rh2
23.Nc3 b4 24.Na4 Be7 25.c4 Be4 26.Be3 b6 27.Rf2 Rdh8 28.Rfd2 Rxd2 29.Rxd2 g5
30.Bc2 Bf3 31.Bd1 Rh1 32.Kc2 Be4+ 33.Kc1 gxf4 34.Bxf4 Nxe5 35.Bxe5 Bg5 36.b3 Bf3
37.Nb2 Bxg4 38.Kc2 Bf5+ 39.Kc1 Rg1 40.Bd6 a5 41.Na4 Bg4 42.Kc2 Bxd2 43.Bxg4 Rxg4
44.Nxb6+ Kb7 45.c5 Bf4 46.Be7 Rg2+ 47.Kd3 f5 48.Nc4 Kc6 49.Nxa5+ Kd5 50.Nc4 e5
51.Nb6+ Kc6 52.Kc4 Rc2+ 53.Kxb4 Bd2+ 54.Ka3 Kb5 55.b4 Bxb4+ 56.Kb3 Rc3+ 57.Kb2 Rg3
58.Nd7 e4 59.Bd6 Rg7 60.Nf8 Rg2+  0-1

[Event "TCh-BIH"]
[Site "Neum BIH"]
[Date "2002.06.03"]
[Round "2"]
[White "Burovic,I"]
[Black "Vojinovic,G"]
[Result "1/2-1/2"]
[WhiteElo "2372"]
[BlackElo "2477"]

1.e4 d5 2.exd5 Qxd5 3.Nc3 Qd8 4.d4 Nf6 5.Nf3 c6 6.Be2 Bg4 7.O-O e6 8.Bg5 Be7
9.Bxf6 Bxf6 10.Ne4 Be7 11.Ne5 Bxe2 12.Qxe2 O-O 13.c3 Nd7  1/2-1/2

[Event "TCh-BIH"]
[Site "Neum BIH"]
[Date "2002.06.04"]
[Round "4"]
[White "Palac,M"]
[Black "Vojinovic,G"]
[Result "1/2-1/2"]
[WhiteElo "2574"]
[BlackElo "2477"]

1.e4 d5 2.exd5 Qxd5 3.Nc3 Qd8 4.d4 Nf6 5.Bc4 c6 6.Nge2 Bf5 7.Ng3 Bg6 8.O-O e6
9.Bb3 Bd6 10.f4 Qc7 11.Qf3 O-O 12.Be3 Nbd7 13.Kh1 Nb6 14.Bg1 a5 15.a4 Bf5
16.h3 Rfe8 17.Rad1 Rad8 18.Nce4 Nxe4 19.Nxe4 Bxe4 20.Qxe4 Nd5 21.f5 Nf6 22.Qf3 e5
23.dxe5 Bxe5 24.c3 h5 25.Bf2 Rxd1 26.Rxd1  1/2-1/2

[Event "Open"]
[Site "Lido Estensi ITA"]
[Date "2002.06.11"]
[Round "4"]
[White "Trabert,B"]
[Black "Drazic,S"]
[Result "0-1"]
[WhiteElo "2291"]
[BlackElo "2474"]

1.e4 d5 2.exd5 Qxd5 3.Nc3 Qd6 4.d4 Nf6 5.Nf3 a6 6.Bd3 Nbd7 7.O-O e6 8.Bg5 h6
9.Bh4 Be7 10.Re1 c5 11.Ne4 Nxe4 12.Bxe7 Qxe7 13.Bxe4 cxd4 14.Qxd4 O-O 15.c4 Rb8
16.Rad1 Re8 17.h3 Nf6 18.Bc2 Bd7 19.Ne5 Red8 20.Qd6 Kf8 21.Rd2 Be8 22.Qxe7+ Kxe7
23.Red1 Rxd2 24.Rxd2 a5 25.f4 Rc8 26.Kf2 g5 27.fxg5 hxg5 28.b3 Rc5 29.Re2 Nh5
30.Nf3 Nf4 31.Re5 Rxe5 32.Nxe5 Kd6 33.Nf3 f6 34.a3 Kc5 35.Be4 Bc6 36.Bxc6 bxc6
37.Nd2 Kd4 38.Kf3 Nd3 39.g3 f5 40.h4 gxh4 41.gxh4 e5 42.h5 e4+ 43.Kg3 Ke5
44.b4 axb4 45.axb4 Nxb4 46.h6 Kf6 47.h7 Kg7 48.Kf4 Nc2 49.Kxf5 e3 50.Nf3 e2
51.Ke4 c5 52.Kd5 Kxh7 53.Kxc5 Kg6 54.Kd6 Kf5 55.c5 Kf4 56.c6 Kxf3 57.c7 e1=Q
58.c8=Q Qg3+ 59.Ke7 Qg7+ 60.Kd6 Qg3+ 61.Ke7 Qg5+ 62.Kd6 Qf4+ 63.Ke7 Nd4 64.Qh3+ Kf2
65.Kd7 Qf7+ 66.Kd6 Nf5+ 67.Ke5 Qc7+ 68.Kd5 Ne3+ 69.Ke4 Qe7+ 70.Kd4 Qd6+ 71.Ke4 Qd5+
72.Kf4 Ng2+ 73.Kg4 Qe6+  0-1

[Event "3rd IECC"]
[Site "Batumi GEO"]
[Date "2002.06.14"]
[Round "3"]
[White "Kotronias,V"]
[Black "Godena,M"]
[Result "1-0"]
[WhiteElo "2580"]
[BlackElo "2481"]

1.e4 d5 2.exd5 Qxd5 3.Nc3 Qd6 4.d4 Nf6 5.Nf3 a6 6.g3 Bg4 7.Bg2 Nc6 8.O-O O-O-O
9.d5 Nb4 10.h3 Bh5 11.Bf4 Qc5 12.Be3 Qa5 13.g4 Nbxd5 14.Nxd5 Rxd5 15.Bd2 Rxd2
16.Qxd2 Qxd2 17.Nxd2 Bg6 18.Nc4 e6 19.Rfd1 Be7 20.Ne5 Ne8 21.c4 f6 22.Nxg6 hxg6
23.b4 Nd6 24.c5 Nb5 25.a4 Na7 26.Rd2 g5 27.Re2 e5 28.Be4 a5 29.bxa5 Bxc5
30.Rb2 b6 31.axb6 cxb6 32.a5  1-0

[Event "3rd IECC"]
[Site "Batumi GEO"]
[Date "2002.06.14"]
[Round "3"]
[White "Jojua,D"]
[Black "Jirovsky,M"]
[Result "1-0"]
[WhiteElo "2125"]
[BlackElo "2446"]

1.e4 d5 2.exd5 Qxd5 3.Nc3 Qd6 4.g3 c6 5.Bg2 Nf6 6.Nge2 Bf5 7.d3 Nbd7 8.O-O e6
9.h3 h6 10.Re1 g5 11.Bd2 Bg7 12.Ne4 Qc7 13.Bc3 O-O-O 14.Qc1 e5 15.Nxf6 Bxf6
16.Qe3 Kb8 17.a4 g4 18.h4 Nb6 19.Ba5 Bg7 20.Ra3 h5 21.Rb3 Bh6 22.Bxb6 axb6
23.Qxb6 Qxb6 24.Rxb6 Bf8 25.Nc1 f6 26.Nb3 Kc7 27.a5 Be6 28.d4 Bxb3 29.Rxb3 Rxd4
30.a6 bxa6 31.Rc3 c5 32.Ra1 e4 33.Rxa6 Bd6 34.Ra7+ Kc6 35.Rca3 Kd5 36.Bf1 Ke5
37.R3a6 Rd1 38.b3 f5 39.Rd7 Rh6 40.Rd8 Rd2 41.c3 Rd1 42.Kg2 f4 43.gxf4+ Kxf4
44.Ra7 Rf6 45.Ra4 Rd2 46.Rg8 Be5 47.Rc4 Kf5 48.Rxc5 Ke6 49.Bc4+ Kd6 50.Rd8+ Kxc5
51.Rxd2 Bxc3 52.Rd5+ Kb4 53.Rd1 Rf5 54.Rd5 Rf8 55.Rd1 Bf6 56.Kg3 Be5+ 57.Kg2 Kc3
58.Rc1+ Kd2 59.Rf1 Bd4 60.Bd5 Rf4 61.b4 Bf6 62.Kg3 Rf3+ 63.Kg2 Bxh4 64.Bxe4 Rf6
65.f3 Ke2 66.Bd5 Rf4 67.b5 Be1 68.b6 h4 69.b7 h3+ 70.Kh1 Rb4 71.Rxe1+ Kxe1
72.fxg4 Kf2 73.Kh2 Ke3 74.g5 Kd4 75.g6 Kxd5 76.g7 Rxb7 77.g8=Q+ Kd6 78.Kxh3 Re7
79.Kg4 Kc7 80.Kf5 Rd7 81.Ke5 Kb7 82.Qb3+ Kc7 83.Qc4+ Kb8 84.Ke6 Rb7 85.Qc5 Ka8
86.Qa5+ Kb8 87.Kd6 Rb1 88.Qd8+ Kb7 89.Qe7+ Kb8 90.Qe8+ Ka7 91.Qe3+ Kb8 92.Kc6 Rb7
93.Qe5+ Ka8 94.Qe8+ Ka7 95.Qd8 Rh7 96.Qd4+ Kb8 97.Kb6 Rh6+ 98.Kb5 Rh5+ 99.Kb4 Rh7
100.Qd8+ Ka7 101.Kb5 Rh5+ 102.Kc6 Rh6+ 103.Kc7 Rh7+ 104.Kc8 Rh5 105.Qe7+ Ka6
106.Qf6+ Ka5 107.Qc3+ Ka6 108.Qd3+ Ka5 109.Kc7 Rc5+ 110.Kd6 Rh5 111.Qd2+ Kb6
112.Qe3+ Ka5 113.Kc6 Ka4 114.Qe4+ Ka5 115.Qe1+ Ka6 116.Qe2+  1-0

[Event "13th Open"]
[Site "Ljubljana SLO"]
[Date "2002.06.28"]
[Round "7"]
[White "Podlesnik,B"]
[Black "Pavasovic,D"]
[Result "1/2-1/2"]
[WhiteElo "2385"]
[BlackElo "2567"]

1.e4 d5 2.exd5 Qxd5 3.Nc3 Qd6 4.d4 Nf6 5.Nge2 a6 6.Bf4 Qd8 7.Ng3 e6 8.Be2 Nc6
9.Be3 Bd6 10.Nge4 Be7 11.O-O O-O 12.f4 Nd5 13.Bc1 b6 14.Bf3 Bb7 15.Ne2 Na5
16.N2g3 Qd7 17.a3 Rad8 18.Qe1 Bh4 19.Kh1 f5 20.Nf2 Bxg3 21.hxg3 Nf6 22.Bd2 Bxf3
23.gxf3 Nc4 24.Bb4 Qc6 25.Nd3 Rfe8 26.b3  1/2-1/2

[Event "II Open"]
[Site "St Chely d'Aubrac FRA"]
[Date "2002.06.28"]
[Round "2"]
[White "L'Hostis,S"]
[Black "Boudre,JP"]
[Result "0-1"]
[WhiteElo "2044"]
[BlackElo "2398"]

1.e4 d5 2.exd5 Qxd5 3.Nc3 Qd6 4.d4 Nf6 5.Nf3 a6 6.h3 Nbd7 7.Bc4 b5 8.Bb3 Bb7
9.Qe2 c5 10.dxc5 Nxc5 11.Bd2 e6 12.O-O-O Qc7 13.Rhe1 Be7 14.g3 O-O 15.Kb1 Nxb3
16.axb3 Rfd8 17.Ne5 b4 18.Na4 Bd5 19.Bf4 Qb7 20.g4 Bd6 21.Qe3 Rac8 22.Nd3 Be7
23.Be5 Nd7 24.Bg3 Bf3 25.Rd2 h6 26.Ne5 Nxe5 27.Rxd8+ Rxd8 28.Bxe5 Rc8 29.Bd4 Qc6
30.c4 bxc3 31.Bxc3 Bd5 32.Nb6 Rd8 33.Nxd5 Rxd5 34.Qa7 Rd7 35.Qb8+ Kh7 36.Qf4 Bh4
37.Qe5 Bf6 38.Qe4+ Qxe4+ 39.Rxe4 Bh4 40.f4 Rd3 41.Ra4 Rxh3 42.Rxa6 Rg3 43.Ra7 Rxg4
44.Rxf7 Kg8 45.Rd7 Bg3 46.b4 Bxf4 47.b5 h5 48.b6 h4 49.b7 h3 50.Rd2 h2  0-1

[Event "Milivoj Petrov Mem"]
[Site "Pancevo YUG"]
[Date "2002.06.30"]
[Round "7"]
[White "Robulj,N"]
[Black "Radlovacki,J"]
[Result "1/2-1/2"]
[WhiteElo "2206"]
[BlackElo "2387"]

1.e4 d5 2.exd5 Qxd5 3.Nc3 Qd6 4.d4 Nf6 5.h3 a6 6.Nf3 b5 7.a3 Nbd7 8.Be3 Bb7
9.Be2 e6 10.Qd2 Be7 11.O-O O-O 12.Ne1 Nb6 13.Bf4 Qd8 14.Bf3 Nc4 15.Qc1 Rb8
16.Bxb7 Rxb7 17.Nf3 c5 18.dxc5 Bxc5 19.b3 Nb6 20.Bg5 Be7 21.Qe3 Qc8 22.Rad1 Nfd5
23.Nxd5 Nxd5 24.Qd3 Rc7 25.Bxe7 Nxe7 26.Rd2 h6 27.Rfd1 Nd5 28.Ne5 Rc3 29.Qe4 Qc7
30.Ng6 Nf6 31.Nxf8 Nxe4 32.Rd8 Qa7 33.Ng6+  1/2-1/2

[Event "1st Open"]
[Site "La Fere FRA"]
[Date "2002.07.03"]
[Round "6"]
[White "Daurelle,H"]
[Black "Bratanov,Z"]
[Result "0-1"]
[WhiteElo "2187"]
[BlackElo "2432"]

1.e4 d5 2.exd5 Qxd5 3.Nc3 Qd6 4.Nf3 Nf6 5.d4 a6 6.Bg5 Nc6 7.Qd2 Bf5 8.O-O-O O-O-O
9.Bc4 e6 10.Rhe1 Qb4 11.Qe2 Be7 12.d5 exd5 13.Nxd5 Nxd5 14.Bxd5 Rhe8 15.Qc4 Bxg5+  0-1

[Event "XX Open"]
[Site "Andorra la Vella AND"]
[Date "2002.07.06"]
[Round "1"]
[White "Nevednichy,V"]
[Black "Prats Rodriquez,J"]
[Result "1-0"]
[WhiteElo "2537"]
[BlackElo "2142"]

1.e4 d5 2.exd5 Qxd5 3.Nc3 Qd8 4.Nf3 g6 5.Bc4 Bg7 6.h3 Nf6 7.O-O O-O 8.d4 a6
9.a4 b6 10.Qe2 Nc6 11.d5 Nb4 12.Rd1 Bb7 13.Ne5 Qe8 14.Bf4 Rd8 15.Bg3 Nfxd5
16.Nxd5 Nxd5 17.Bxa6 Bxa6 18.Qxa6 Bxe5 19.Bxe5 Qc6 20.Qe2 f6 21.Bg3 e5 22.a5 bxa5
23.Rxa5 Nb4 24.c3 Rxd1+ 25.Qxd1 Na6 26.b4 Nb8 27.Rc5 Qd6 28.Qe2 c6 29.f4 exf4
30.Qc4+ Kg7 31.Bxf4 Qd1+ 32.Kh2 Nd7 33.Rxc6 Ne5 34.Rc7+ Kh8 35.Bxe5 fxe5
36.Qc5 Re8 37.Re7 Rxe7 38.Qxe7 Qd5 39.Qf8+  1-0

[Event "ch-SWE"]
[Site "Skara SWE"]
[Date "2002.07.09"]
[Round "9"]
[White "Wedberg,T"]
[Black "Cicak,S"]
[Result "1/2-1/2"]
[WhiteElo "2540"]
[BlackElo "2537"]

1.e4 d5 2.exd5 Qxd5 3.Nc3 Qd6 4.d4 c6 5.Nge2 Nf6 6.Bf4 Qd8 7.Qd2 Be6 8.g3 Bc4
9.Bg2 e6 10.a3 Bd6 11.Bxd6 Qxd6 12.O-O O-O 13.Rad1 Nbd7 14.Rfe1 Rfd8 15.Nf4 Bd5
16.Qe2 Nb6 17.f3 Bc4 18.Qf2 Ba6 19.Bf1 Bxf1 20.Qxf1 c5  1/2-1/2

[Event "Open Aegean Ch"]
[Site "Ikaros GRE"]
[Date "2002.07.15"]
[Round "3"]
[White "Borriss,M"]
[Black "Psomiadis,S"]
[Result "1-0"]
[WhiteElo "2439"]
[BlackElo "2241"]

1.e4 d5 2.exd5 Qxd5 3.Nc3 Qd8 4.d4 Nf6 5.Nf3 c6 6.Bc4 Bf5 7.O-O e6 8.h3 Be7
9.Nh4 Bg6 10.Nxg6 hxg6 11.Re1 Nbd7 12.Bf1 Qc7 13.a4 Nb6 14.a5 Nbd5 15.Ne2 Bd6
16.g3 Rd8 17.c4 Ne7 18.Qa4 Qd7 19.a6 b6 20.Nc3 Rh5 21.Qc2 Kf8 22.g4 Rh8 23.Be3 Qc7
24.Bg2 Bh2+ 25.Kf1 Bf4 26.b4 Bxe3 27.fxe3 e5 28.Rad1 exd4 29.exd4 b5 30.cxb5 cxb5
31.Qe2 Nc8 32.Nxb5 Qb6 33.Qe5 Qxa6 34.Ra1 Qb6 35.Qc5+ Kg8 36.Nxa7 Qb8 37.Nxc8 Rxc8
38.Qxc8+ Qxc8 39.Ra8 Qxa8 40.Bxa8 Rxh3 41.g5 Nd7 42.Bc6 Nb6 43.Re8+ Kh7 44.b5 Rd3
45.Rb8 Nc4 46.d5 Rb3 47.Rd8 Rd3 48.Ke2 Rd2+ 49.Ke1 Rd3 50.Rb8 Rb3 51.Kd1 Rb2
52.Kc1 Re2 53.b6 Re1+ 54.Kc2 Nd6 55.Rd8  1-0

[Event "24th Politiken Cup"]
[Site "Copenhagen DEN"]
[Date "2002.07.18"]
[Round "4"]
[White "Greger,R"]
[Black "Nilsson,N"]
[Result "1-0"]
[WhiteElo "2365"]
[BlackElo "2187"]

1.e4 d5 2.exd5 Qxd5 3.Nc3 Qd6 4.Bc4 Nf6 5.Nf3 a6 6.Qe2 e6 7.d4 Be7 8.Bg5 b5
9.Bd3 Bb7 10.O-O-O Nbd7 11.h4 h6 12.Bxf6 gxf6 13.Be4 Qf4+ 14.Nd2 Bxe4 15.Nxe4 c6
16.g3 Qc7 17.Qh5 Bf8 18.Rhe1 Bg7 19.g4 Rf8 20.Nb3 O-O-O 21.Rd3 Nb6 22.Qc5 Nc4
23.Nbd2 Rd5 24.Qb4 a5 25.Qb3 Nxd2 26.Rxd2 Rfd8 27.c3 h5 28.g5 f5 29.Ng3 a4
30.Qd1 b4 31.Nxh5 bxc3 32.bxc3 Bf8 33.Qxa4 Ra5 34.Qc4 Bd6 35.Kd1 Rh8 36.g6 f4
37.g7 Raxh5 38.gxh8=Q+ Rxh8 39.Qa6+ Kd7 40.Rb2 Rb8 41.Rxb8 Qxb8 42.Kc2 Qh8
43.Rb1 Qh7+ 44.Qd3 Qxh4 45.Rb7+ Bc7 46.Qe2 Kc8 47.Ra7 Qh2 48.Qf3 Kd7 49.Ra6 Ke7
50.Rxc6 Bd6 51.c4 Qh7+ 52.Qd3 Qh1 53.Ra6 Qe1 54.c5 Bc7 55.f3 Ba5 56.a3 Qf2+
57.Kb3 Bd2 58.Ra7+ Kf6 59.c6 Bc1 60.c7 Qb2+ 61.Ka4 Qb6 62.c8=Q Qxa7+ 63.Kb5 Bxa3
64.Qe4 Bd6 65.Qd8+ Qe7 66.Qh8+  1-0

[Event "Open Aegean Ch"]
[Site "Ikaros GRE"]
[Date "2002.07.19"]
[Round "7"]
[White "Perunovic,Mio"]
[Black "Chapliev,A"]
[Result "1-0"]
[WhiteElo "2334"]
[BlackElo "2314"]

1.e4 d5 2.exd5 Qxd5 3.Nc3 Qd6 4.d4 a6 5.Nf3 Nf6 6.g3 Bg4 7.h3 Bxf3 8.Qxf3 Nc6
9.Be3 e6 10.O-O-O Nd5 11.Ne4 Qb4 12.c4 Nxe3 13.fxe3 Qa5 14.Kb1 Be7 15.d5 Nd8
16.Bd3 Rb8 17.h4 b5 18.dxe6 bxc4 19.exf7+ Nxf7 20.Bxc4 Ne5 21.Qh5+ g6 22.Qe2 Qb4
23.Rd4 Nxc4 24.Rxc4 Qb7 25.Rf1 Rf8 26.Rfc1 Rf5 27.Nc3 Ba3 28.Nd1 Rb5 29.R4c2 Qe4
30.Ka1 Qe5 31.Qd2 c5 32.Rb1 Bb4 33.Qg2 Qe6 34.Nc3 Bxc3 35.Rxc3 Rb4 36.Qc2 Re4
37.Rxc5 Rxe3 38.Rc6 Qf5 39.Qc4 Kf8 40.Qxa6 Rf3 41.Rc7 Qe5 42.Rc8+ Rxc8 43.Qxc8+ Kg7
44.Qb7+ Rf7 45.Qb3 Rc7 46.a3 h6 47.Rd1 h5 48.Qd3 Kh7 49.Ka2 Qe6+ 50.Qd5 Qg4
51.Rd3 Qe2 52.Rb3 Qe7 53.Rb8 Qg7 54.a4 Re7 55.Qb3 Kh6 56.a5 Qe5 57.Rb5 Qe2
58.Rb6 Qe5 59.Qc3 Qd5+ 60.Ka3 Kh7 61.Rb8 Qd6+ 62.Rb4 Ra7 63.Ka4 Qd5 64.Rb5 Qa2+
65.Qa3 Qc4+ 66.b4 Qc6 67.Qe3 Qb7 68.Qc5 Qd7 69.Qd5  1-0

[Event "Lasker Mem Open"]
[Site "Barlinek POL"]
[Date "2002.07.21"]
[Round "3"]
[White "Demkovich,A"]
[Black "Buczak,K"]
[Result "1-0"]
[WhiteElo "2426"]
[BlackElo "2246"]

1.e4 d5 2.exd5 Qxd5 3.Nc3 Qd6 4.d4 Nf6 5.Nb5 Qd8 6.c4 c6 7.Nc3 Bf5 8.Nf3 e6
9.Be2 Qc7 10.Nh4 Bg6 11.Nxg6 hxg6 12.h3 Nbd7 13.Qa4 Bd6 14.O-O O-O 15.Qb3 Rfe8
16.Re1 e5 17.d5 e4 18.Bf1 Re7 19.Bg5 Rae8 20.Rac1 Bh2+ 21.Kh1 Bf4 22.Rcd1 Qe5
23.d6 Re6 24.Bxf6 Nxf6 25.d7 Rd8 26.Qxb7 e3 27.Qc8 Qc7 28.Qxc7 Bxc7 29.Rxe3 Rxe3
30.fxe3 Rxd7 31.Rxd7 Nxd7 32.Be2 Bb6 33.Nd1 a5 34.Kg1 Kf8 35.Kf2 Ke7 36.a3 Ne5
37.Nc3 g5 38.b4 axb4 39.axb4 Bd8 40.Ne4 Kd7 41.Nc5+ Kc7 42.Nb3 Be7 43.c5 Bf6
44.Nd4 Be7 45.Ke1 g6 46.Kd2 Kb7 47.Nf3 Bf6 48.Nxe5 Bxe5 49.Bc4 f6 50.Bd3 Kc7
51.Bxg6 Bg3 52.Be8 Kb7 53.e4 Kc7 54.Ke2 Be5 55.Kf3 Bc3 56.b5 cxb5 57.Bxb5 Kd8
58.g3 Ke7 59.h4 gxh4 60.gxh4 Ke6 61.c6 Be5 62.Kg4 Kf7 63.Kf5 Kg7 64.Be2 Bg3
65.h5 Kh6 66.Ke6 Kg7 67.Kd7  1-0

[Event "Battle of Senta Open"]
[Site "Senta YUG"]
[Date "2002.07.21"]
[Round "4"]
[White "Sevo,D"]
[Black "Vojinovic,G"]
[Result "1/2-1/2"]
[WhiteElo "2283"]
[BlackElo "2480"]

1.e4 d5 2.exd5 Qxd5 3.Nc3 Qd8 4.d4 Nf6 5.Nf3 c6 6.h3 g6 7.Bd3 Bg7 8.O-O O-O
9.Re1 Nbd7 10.Bf4 b6 11.Qe2 Re8 12.Rad1 Bb7 13.Bc4 e6 14.Bg5 Qc7 15.a4 a6
16.Ne5 Nd5 17.Ng4 Nxc3 18.bxc3 Rf8 19.Qe3 b5 20.Bd3 c5 21.axb5 c4 22.Bf1 axb5
23.Bh6 Bd5 24.h4 f5 25.Bf4 Qd8 26.Bg5 Nf6 27.Nxf6+ Bxf6 28.Qf4 Bxg5 29.hxg5 Qb8
30.Re5 Ra3 31.Qd2 Qc7 32.Rb1 Qa5 33.Rb4 Ra4 34.Qe1 Rxb4 35.Rxd5 exd5 36.Qe6+ Rf7
37.Qe8+ Kg7 38.Qe5+ Kf8 39.Qd6+ Ke8 40.cxb4 Qd8 41.Qe6+  1/2-1/2

[Event "KB Czech Open"]
[Site "Pardubice CZE"]
[Date "2002.07.22"]
[Round "4"]
[White "Hracek,Z"]
[Black "Kantorik,M"]
[Result "1-0"]
[WhiteElo "2600"]
[BlackElo "2335"]

1.e4 d5 2.exd5 Qxd5 3.Nc3 Qd6 4.d4 Nf6 5.Bd3 Bg4 6.f3 Bh5 7.Nge2 e6 8.Bf4 Qd7
9.g4 Bg6 10.h4 Bxd3 11.Qxd3 Nc6 12.O-O-O O-O-O 13.Kb1 Nd5 14.Bg5 f6 15.Bc1 Nxc3+
16.Qxc3 Qf7 17.h5 e5 18.dxe5 Bb4 19.Qe3 fxe5 20.Ng3 Rxd1 21.Rxd1 Rf8 22.Rf1 g6
23.Qe4 Bd6 24.c3 a6 25.Bh6 Rg8 26.Be3 Rf8 27.h6 Rd8 28.Qc2 Be7 29.Qb3 Qxb3
30.axb3 Rf8 31.Kc2 Kd7 32.b4 Nd8 33.Kd3 Ne6 34.Ne4 Rd8 35.Nf2 Rf8 36.Ke4 Ng5+
37.Bxg5 Bxg5 38.Nd3 Bf4 39.Nxe5+ Ke7 40.Nd3 Bg5 41.f4 Bf6 42.Ra1 Kd6 43.g5 Re8+
44.Kf3 Bd8 45.Rd1 Kc6 46.Ne5+  1-0

[Event "KB Czech Open"]
[Site "Pardubice CZE"]
[Date "2002.07.24"]
[Round "6"]
[White "Starostits,I"]
[Black "Kantorik,M"]
[Result "0-1"]
[WhiteElo "2438"]
[BlackElo "2335"]

1.e4 d5 2.exd5 Qxd5 3.Nc3 Qd6 4.Nf3 Nf6 5.Bc4 c6 6.h3 Be6 7.Be2 h6 8.d4 Bf5
9.Ne5 Nbd7 10.Bf4 Nxe5 11.Bxe5 Qb4 12.O-O e6 13.Bd3 Bxd3 14.Qxd3 Be7 15.a3 Qb6
16.Ne4 Nxe4 17.Qxe4 Bf6 18.Bxf6 gxf6 19.Qf4 f5 20.b4 O-O-O 21.c3 Qc7 22.Qe3 Rhg8
23.f4 Kb8 24.Rf3 Qd6 25.Re1 Qd5 26.Kh2 Kc8 27.Re2 Qb3 28.Qe5 Rg6 29.Ree3 Rdg8
30.Rf2 Qxa3 31.d5 Qa6 32.c4 Qxc4 33.dxc6 bxc6 34.Rd2 Qd5 35.Qb2 Qc4 36.g3 Rd8
37.Rxd8+ Kxd8 38.Qd2+ Ke7 39.Rd3 Rg8 40.Rd4 Qb3 41.g4 Kf6 42.Rd7 fxg4 43.Qd4+ Kg6
44.hxg4 Qf3 45.f5+ exf5 46.Rd6+ Kh7 47.Qf6 Qf4+ 48.Kh1 Rxg4  0-1

[Event "24th Politiken Cup"]
[Site "Copenhagen DEN"]
[Date "2002.07.25"]
[Round "10"]
[White "Bering,A"]
[Black "Mortensen,H"]
[Result "1-0"]
[WhiteElo "2119"]
[BlackElo "2053"]

1.e4 d5 2.exd5 Qxd5 3.Nc3 Qd6 4.d4 Nf6 5.Nf3 a6 6.g3 b5 7.Bg2 Bb7 8.O-O e6
9.Bf4 Qd8 10.Qe2 Be7 11.Rad1 O-O 12.Rfe1 Nbd7 13.d5 Nxd5 14.Nxd5 Bxd5 15.Rxd5 exd5
16.Qxe7 c5 17.c3 Re8 18.Qxd8 Raxd8 19.Kf1 Nf6 20.Bg5 a5 21.Bxf6 gxf6 22.Bh3 Kf8
23.Rxe8+ Kxe8 24.Ke2 b4 25.Kd2 Ke7 26.Bf5 h6 27.Bc2 Kd6 28.Nh4 bxc3+ 29.bxc3 Rb8
30.Nf5+ Ke6 31.h4 Rb2 32.Ng7+ Kd6 33.Kc1 Rb8 34.Nf5+ Kc7 35.Nxh6 Re8 36.Kd2 Rb8
37.Ng4 f5 38.Ne3 d4 39.cxd4 cxd4 40.Nxf5 a4 41.Nxd4  1-0

[Event "Capital of Siberia Open"]
[Site "Novosibirsk RUS"]
[Date "2002.07.25"]
[Round "7"]
[White "Demidov,L"]
[Black "Kazakov,P"]
[Result "0-1"]
[WhiteElo "2246"]
[BlackElo "2424"]

1.e4 d5 2.exd5 Qxd5 3.Nc3 Qd6 4.d4 Nf6 5.Bc4 Bf5 6.Qf3 Bc8 7.Nge2 c6 8.Bf4 Qb4
9.Bb3 Bg4 10.Qd3 e6 11.Ng3 Nbd7 12.h3 Bh5 13.Nxh5 Nxh5 14.Bh2 Be7 15.O-O-O O-O
16.Rhe1 Qa5 17.Ne4 Nhf6 18.Kb1 Rad8 19.Nd6 Bxd6 20.Bxd6 Rfe8 21.c3 Qg5 22.Bc2 Qxg2
23.Rg1 Qd5 24.Bc7 Rc8 25.c4 Qh5 26.Bf4 e5 27.Qg3 g6 28.dxe5 Nxe5 29.Bg5 Re6
30.Rde1 Qf3 31.Qh4 Ned7 32.Rxe6 fxe6 33.Rd1 Rf8 34.a3 Rf7 35.Bh6 Qh5 36.Qf4 e5
37.Qe3  0-1

[Event "6th Open"]
[Site "Korinthos GRE"]
[Date "2002.07.27"]
[Round "5"]
[White "Koustas,A"]
[Black "Babaniotis,E"]
[Result "1-0"]
[WhiteElo "2252"]
[BlackElo "2074"]

1.e4 d5 2.exd5 Qxd5 3.Nc3 Qd6 4.d4 Nf6 5.h3 c6 6.Nf3 Bf5 7.Bd3 Bxd3 8.Qxd3 Nbd7
9.Ne4 Nxe4 10.Qxe4 Nf6 11.Qe2 e6 12.O-O Be7 13.Re1 O-O 14.c4 Rfe8 15.Be3 Qc7
16.Rad1 a5 17.a4 Bb4 18.Bd2 Qe7 19.Bc3 h6 20.Qc2 Red8 21.Qb3 Qd6 22.Bxb4 Qxb4
23.Qxb4 axb4 24.b3 Rd6 25.c5 Rdd8 26.Rc1 Nd5 27.Rc4 Ra6 28.g3 b6 29.cxb6 Rxb6
30.Ne5 Rc8 31.Rec1 Nc3 32.Kf1 Rc7 33.Nd3 Nd5 34.Ne5 Nc3 35.a5 Ra6 36.Rxb4 Na2
37.Rb8+ Kh7 38.Rc5 f6 39.Nf3 Rca7 40.b4 Rd7 41.Rc2 e5 42.Rxa2 e4 43.Nd2 Rxd4
44.Ke2  1-0

[Event "Valoz Cup"]
[Site "Olomouc CZE"]
[Date "2002.07.31"]
[Round "11"]
[White "Reutsky,S"]
[Black "Hasangatin,R"]
[Result "1/2-1/2"]
[WhiteElo "2220"]
[BlackElo "2517"]

1.e4 d5 2.exd5 Qxd5 3.Nc3 Qd6 4.d4 Nf6 5.Nf3 a6 6.Be3 b5 7.Bd3 Bb7 8.Qe2 e6
9.O-O-O Be7 10.Ng5 Nbd7  1/2-1/2

[Event "Lost Boys Open"]
[Site "Amsterdam NED"]
[Date "2002.08.01"]
[Round "7"]
[White "Muhren,W"]
[Black "Ryan,J"]
[Result "1/2-1/2"]
[WhiteElo "2182"]
[BlackElo "2289"]

1.e4 d5 2.exd5 Qxd5 3.Nc3 Qd6 4.d4 Nf6 5.Be2 e6 6.Bf3 a6 7.Nge2 Nbd7 8.Bf4 Qb6
9.O-O c6 10.Na4 Qd8 11.c4 Be7 12.Qd3 O-O 13.Rfd1 Re8 14.Rac1 Bf8 15.Nec3 Qa5
16.a3 e5 17.b4 Qc7 18.Bg3 a5 19.c5 axb4 20.axb4 g6 21.Nb2 Bh6 22.Ra1 Rxa1
23.Rxa1 Bf4 24.Bxf4 exf4 25.Nc4 Nf8 26.Nd6 Rd8 27.b5 Rxd6 28.cxd6 Qxd6 29.bxc6 bxc6
30.Ne4 Nxe4 31.Qxe4 Bf5 32.Qe5 Qxe5 33.dxe5 c5 34.Bd5 Nd7 35.Ra8+ Kg7 36.Re8 Nb6
37.Ba2 c4 38.Kf1 Be6 39.g3 g5 40.Rb8 Nd7 41.Rc8 Nxe5 42.Rc7 Kf6 43.Bb1 h6
44.Be4 Ng4 45.h3 Ke5 46.Bg2 Nf6 47.Ke2 fxg3 48.fxg3 Kd4 49.Kd2 h5 50.Ra7 Nd7
51.Ra8 c3+ 52.Ke2 Bf5 53.Ra4+ Ke5 54.Ra5+ Kf6 55.Ra6+ Kg7 56.Rc6 c2 57.Kd2 Nf6
58.Kc1 Nd7 59.Bf1 Ne5 60.Rc3 Kf6 61.Be2 Bg6 62.Bb5 Ke7 63.Kd2 Bf5 64.h4 gxh4
65.gxh4 Ng6 66.Be2 Nxh4  1/2-1/2

[Event "Lost Boys Open"]
[Site "Amsterdam NED"]
[Date "2002.08.02"]
[Round "8"]
[White "Van Haastert,E"]
[Black "Bachofner,A"]
[Result "0-1"]
[WhiteElo "2427"]
[BlackElo "2327"]

1.e4 d5 2.exd5 Qxd5 3.Nc3 Qd6 4.d4 Nf6 5.Nge2 a6 6.Bf4 Qd8 7.Qd2 b5 8.a3 e6
9.O-O-O Bb7 10.Qe3 Nbd7 11.Rg1 Nb6 12.Be5 Nfd5 13.Qh3 Qd7 14.g4 f6 15.Bf4 Bd6
16.Bxd6 cxd6 17.Nxd5 Nxd5 18.Bg2 Rc8 19.Rge1 O-O 20.Rd2 Nb6 21.Bxb7 Qxb7
22.g5 fxg5 23.Qxe6+ Kh8 24.Ng3 b4 25.axb4 Nc4 26.Rde2 Qxb4 27.c3 Qa4 28.Qxc8 Rxc8  0-1